01134nam a2200289Ia 4500001001100000003000800011006001900019007001500038008004100053020001500094040002100109035002000130050002300150100003300173245009400206260004100300300001100341500003700352533015200389600003300541650004400574650003600618655002900654710001700683856012500700999001900825ebr2001759CaPaEBRm u cr cn|||||||||030215s2001 enk s 000 1 eng d z1901843289 aCaPaEBRcCaPaEBR a(OCoLC)7072433114aPR4494b.H38 201eb1 aCollins, Wilkie,d1824-1889.14aThe Haunted hotelh[electronic resource] :ba mystery of modern Venice /cWilkie Collins. aLondon :bElectric Book Co.,cc2001. a213 p. aCover title : The Haunted hotel. aElectronic reproduction.bPalo Alto, Calif. :cebrary,d2009.nAvailable via World Wide Web.nAccess may be limited to ebrary affiliated libraries.10aCollins, Wilkie,d1824-1889. 0aHaunted placeszItalyzVenicevFiction. 0aHotelszItalyzVenicevFiction. 7aElectronic books.2local2 aebrary, Inc.40uhttp://site.ebrary.com/lib/rucke/Doc?id=2001759zAn electronic book accessible through the World Wide Web; click to view c230237d230237